Score 0/40 Timer 08:00
4 Plays Today
% Correct
Bugs Bunny
99.3%
Homer Simpson
98.4%
Scooby-Doo
94%
SpongeBob SquarePants
93.5%
Batman
93.3%
Fred Flintstone
91.8%
Tom
91.2%
Popeye the Sailor Man
91%
Bart Simpson
90.8%
Yogi Bear
89.3%
Daffy Duck
89.3%
Pikachu
88.5%
Stewie Griffin
84.3%
George Jetson
80.5%
Squidward Tentacles
79.6%
Porky Pig
79.3%
Peter Griffin
79%
Eric Cartman
77.2%
Johnny Bravo
76.9%
Dexter
76.9%
% Correct
Elmer Fudd
76.7%
Smurfette
74.9%
Beavis
74.6%
Woody Woodpecker
73.9%
Kim Possible
72.3%
Arnold
68.7%
Mighty Mouse
68.7%
Chuckie Finster
65.4%
Timmy T. Turner
64.8%
Buttercup
62.2%
Courage the Cowardly Dog
59.4%
Hank Hill
58.4%
Ren
57.5%
Sterling Archer
56.4%
Philip J. Fry
56.2%
Sir Nigel Archibald Thornberry
52%
Samurai Jack
49.8%
Daria Morgendorffer
44.9%
Finn the Human
37.6%
Space Ghost
33.8%
Remove Ads.
Support Sporcle.
Get the best of Sporcle when you Go Orange. This ad-free experience offers more features, more stats, and more fun while also helping to support Sporcle. Thank you for becoming a member.

You're not logged in!

Compare scores with friends on all Sporcle quizzes.
OR
Log In

Show Comments

Extras

Top Quizzes Today


Score Distribution

Your Account Isn't Verified!

In order to create a playlist on Sporcle, you need to verify the email address you used during registration. Go to your Sporcle Settings to finish the process.

Report this User

Report this user for behavior that violates our Community Guidelines.

Details: